Missing Word: Top Grossing Movies (2007) Quiz Stats

 Plays Quiz Updated Sep 23, 2016

Challenge
Share
Tweet
Embed
Score 0/20 Timer 02:00
5 Plays Today
Movie Missing Word % Correct
Spider-___ 3Man
99.3%
_____ and the ChipmunksAlvin
96%
Harry Potter and the Order of the _______Phoenix
91.6%
The Simpsons _____Movie
90.3%
Knocked __Up
89.3%
Ocean's ________Thirteen
88.6%
Pirates of the Caribbean: At ____'_ EndWorld's
87%
____ Hour 3Rush
85.2%
________ Treasure: Book of SecretsNational
82.6%
Fantastic Four: Rise of the ______ SurferSilver
79.3%
Movie Missing Word % Correct
I Am ______Legend
78.4%
I Now Pronounce You ____ and LarryChuck
71.8%
The Bourne _________Ultimatum
69.4%
Live ____ or Die HardFree
69.2%
_____ the ThirdShrek
69.2%
The Golden _______Compass
60.2%
_____ RiderGhost
56.5%
Mr. ____'_ HolidayBean's
44.2%
Wild ____Hogs
33.3%
American ________Gangster
15.4%

Today's Daily Dose

You're not logged in!

Compare scores with friends on all Sporcle quizzes.
OR
Log In

You Might Also Like...

Show Comments

Extras

Top Quizzes Today


Score Distribution

Your Account Isn't Verified!

In order to create a playlist on Sporcle, you need to verify the email address you used during registration. Go to your Sporcle Settings to finish the process.

Report this User

Report this user for behavior that violates our Community Guidelines.

Details: